|
|
|
|
| LEADER |
00000nam a22000007a 4500 |
| 005 |
20210831223622.0 |
| 007 |
cr|||| |||| |
| 008 |
210831s2006 ca |||||s|||| 00||0 eng d |
| 020 |
|
|
|a 9781459313750
|
| 035 |
|
|
|a 35323
|
| 040 |
|
|
|a vLex
|
| 090 |
|
|
|c 12186
|d 12186
|
| 245 |
0 |
0 |
|a Special Lectures 2005
|h [Recurso electrn̤ico] :
|b The Modern Law of Damages
|
| 256 |
|
|
|a Servicio en ln̕ea
|
| 260 |
|
|
|a Toronto:
|b Irwin Law Inc.,
|c 2006
|
| 300 |
|
|
|a 1 recurso electrn̤ico
|
| 500 |
|
|
|a This volume is the first Special Lectures devoted exclusively to the Law of Damages since 1958 and promises to become an essential reference tool for civil litigators for many years to come. This significant publication has been developed by a distinguished faculty providing the latest knowledge concerning contemporary issues affecting the law of damages. The program chairs are Terrence J. O’Sullivan of Lax O’Sullivan Scott LLP & Linda R. Rothstein of Paliare Roland Rosenberg Rothstein LLP.
|
| 506 |
1 |
|
|a Disponible solo en los productos indicados
|d vLex Global
|d vLex Global (Academic Edition, excluding Law Schools)
|d vLex Global (U.S. Academic Edition, Law Schools)
|d vLex Global (U.S. Academic Edition, excluding Law Schools)
|d vLex Global (Academic Edition, Law Schools)
|
| 650 |
0 |
4 |
|a Derecho Comunitario
|z Canad̀
|
| 740 |
0 |
|
|a vLex Libros (Servicio en ln̕ea)
|
| 856 |
4 |
0 |
|u https://app.vlex.com/#/sources/35323
|z Acceso restringido
|
| 942 |
|
|
|c BOOK
|
| 999 |
0 |
|
|a Community Law
|